000 00354nam a22001217a 4500
008 180606b xxu||||| |||| 00| 0 eng d
041 _aeng
080 _a043.3
100 _a0
101 _aMBE-MA
245 _a6 Sigma helping achieve cost reduction and process improvement/ productivity in the service industries (bank)
_cMustafa, Sh
942 _2udc
_cBK
999 _c46421
_d46421